00458nam a2200157Ia 4500008004100000020001400041082001200055100002900067245005100096250000900147260004400156300002400200500002600224600003300250650001700283240925s9999 xx 000 0 und d a852296330 a030 BRI aEncyclopedia , Britinica 4aThe New Encyclopaedia Britannica: micropaedia  a15th aChicago:bEncyclopadia Britanicc,1998. a920p.b28fOriginal aIncludes Illustration aHumanities & Natural Science aEncyclopedia